Frontières de la République Démocratique du Congo - Mort Subite - Statistiques

Statistiques générales
  • Ce quiz a été pris 853 fois
  • Le résultat moyen est 4 sur 9
Answers on the Grid
Answers color-coded by a green-red scale on the quiz's grid according to % correct below.
Soudan du Sud
Ouganda
Zimbabwe
Niger
Gabon
Guinée équatoriale
Burundi
Kenya
Soudan
Zambie
Cameroun
Angola
Tanzanie
République Centrafricaine
Malawi
Rwanda
République du Congo
Namibie
Tchad
Mozambique
 
Statistiques - réponses
Réponse % Correct
République du Congo
64%
République Centrafricaine
52%
Ouganda
50%
Rwanda
44%
Burundi
40%
Angola
37%
Soudan du Sud
37%
Zambie
25%
Tanzanie
23%
Aucun quiz correspondant
Distribution des résultats
% des personnes avec chaque résultat
Percentile par nombre de réponses
Votre historique - résultats
Vous n’avez pas pris ce quiz